000 00319nam a22001337a 4500
008 150526b xxu||||| |||| 00| 0 eng d
020 _a9780071498494
020 _a0071498494
041 0 _aeng
080 _a004
245 1 0 _aHow to do everything.
_cDavid N. Plotkin.
246 3 0 _aNetObjects Fusion 11
942 _2udc
_cBK
999 _c902
_d902